000 00378pab a2200169 454500
008 180718b2014 xxu||||| |||| 00| 0 eng d
100 _aMor, Nachiket
245 _aStrengthening rural lending
260 _c2014
300 _ap.14-17.
362 _aMar
650 _aRural development
700 _aGeorge, Deepti
773 _aYojana
908 _aN
909 _a103885
999 _c103881
_d103881